| 000 | 01025cam a2200301 a 4500 | ||
|---|---|---|---|
| 001 | 14923174 | ||
| 003 | mut | ||
| 005 | 20240606080956.0 | ||
| 008 | 070710s2008 cauab 001 0 eng | ||
| 010 | _a 2007932707 | ||
| 020 | _a0495383376 (alk. paper) | ||
| 040 |
_aDLC _cDLC _dDLC |
||
| 050 | 0 | 0 |
_aGE105 _b.M544 2008 |
| 082 | 0 | 0 |
_a628 _222 |
| 100 | 1 |
_aMiller, G. Tyler _q(George Tyler), _d1931- |
|
| 245 | 1 | 0 |
_aEnvironmental science : _bproblems, concepts, and solutions. |
| 250 |
_a12th ed. / _bG. Tyler Miller, Jr., Scott Spoolman. |
||
| 260 |
_aBelmont, CA : _bBrooks Cole, _cc2008. |
||
| 300 |
_axxi, 120 p. : _bcol. ill., col. maps ; _c29 cm. |
||
| 500 | _aIncludes index. | ||
| 650 | 0 |
_aEnvironmental sciences _vTextbooks. |
|
| 650 | 0 |
_aHuman ecology _vTextbooks. |
|
| 650 | 0 |
_aEnvironmental protection _vTextbooks. |
|
| 700 | 1 | _aSpoolman, Scott. | |
| 906 |
_a7 _bcbc _corignew _d2 _eepcn _f20 _gy-gencatlg |
||
| 942 |
_2lcc _cBK |
||
| 999 |
_c5440 _d5440 |
||